Normal view
MARC view
- Sobel , Dava
Entry Personal Name
001 - CONTROL NUMBER
- control field: 133782
003 - CONTROL NUMBER IDENTIFIER
- control field: NUST
005 - DATE AND TIME OF LATEST TRANSACTION
- control field: 20260331095350.0
008 - FIXED-LENGTH DATA ELEMENTS
- fixed length control field: 260331|| aca||aabn | a|a d
040 ## - CATALOGING SOURCE
- Original cataloging agency: NUST
- Transcribing agency: NUST
100 ## - HEADING--PERSONAL NAME
- Personal name: Sobel , Dava
670 ## - SOURCE DATA FOUND
- Source citation: Work cat.: (NUST): Sobel , Dava., Longitude: The True Story of a Lone Genius who Solved the Greatest Scientific Problem of His Time /, 1995.
